Score 0/16 Timer 03:00
0 Plays Today
Answer % Correct
The Hulk
99.5%
Batman
97.8%
Superman
97.8%
Spider-Man
97.7%
The Flash
97.3%
Iron Man
97.1%
Captain America
97%
Wonder Woman
96.7%
Answer % Correct
Robin
94.9%
Thor
94.7%
Green Lantern
94.4%
Aquaman
90.3%
Deadpool
89.9%
Green Arrow
78.2%
Daredevil
75.8%
Nightwing
44%
Remove Ads.
Support Sporcle.
Get the best of Sporcle when you Go Orange. This ad-free experience offers more features, more stats, and more fun while also helping to support Sporcle. Thank you for becoming a member.

You're not logged in!

Compare scores with friends on all Sporcle quizzes.
OR
Log In

Show Comments

Extras

Top Quizzes Today


Score Distribution

Your Account Isn't Verified!

In order to create a playlist on Sporcle, you need to verify the email address you used during registration. Go to your Sporcle Settings to finish the process.

Report this User

Report this user for behavior that violates our Community Guidelines.

Details: